[Event "Jugend WM U20w"]
[Site "Istanbul"]
[Date "2005.11.13"]
[Round "5.19"]
[White "Gevorgyan, Irina"]
[Black "Szczepkowska, Karina"]
[Result "1/2-1/2"]
[WhiteElo "2099"]
[BlackElo "2278"]
[PlyCount "102"]
[EventDate "2005.11.??"]
[EventType "swiss"]
[EventRounds "13"]
[EventCountry "TUR"]
[Source "Reinhold Goldau"]
[SourceDate "2000.03.01"]

1. e4 e5 2. Nf3 Nc6 3. Bb5 a6 4. Ba4 Nf6 5. O-O Be7 6. Re1 b5 7. Bb3 O-O 8. h3
Bb7 9. c3 d5 10. exd5 Nxd5 11. Qe2 Nf4 12. Qf1 Nd3 13. Re3 e4 14. Rxe4 Bc5 15.
Re2 Ne7 16. Bc2 Nxc1 17. Qxc1 Bxf3 18. gxf3 Ng6 19. d4 Bd6 20. Bxg6 fxg6 21.
Qe3 Kh8 22. Kg2 h6 23. Na3 Rf4 24. Rh1 Qg5+ 25. Kf1 Qh5 26. Nc2 Rxf3 27. Qe6
Raf8 28. Ne1 R3f6 29. Qe4 Rf4 30. Qg2 Qf5 31. Rg1 g5 32. Rh1 b4 33. f3 bxc3 34.
bxc3 c5 35. Rd2 cxd4 36. Rxd4 Bc5 37. Rd2 Ba7 38. Qe2 Qc8 39. Rd3 Re8 40. Qc2
Qe6 41. Qd2 Ra4 42. Rd8 Qc4+ 43. Kg2 Rxd8 44. Qxd8+ Kh7 45. Qd3+ Qxd3 46. Nxd3
Rxa2+ 47. Kg3 Rc2 48. Rc1 Bb8+ 49. Kg4 Rd2 50. Nc5 h5+ 51. Kxh5 Rg2 1/2-1/2

[Event "Jugend WM U20w"]
[Site "Istanbul"]
[Date "2005.11.13"]
[Round "5.20"]
[White "Pourkashiyan, Atousa"]
[Black "Bensdorp, Laura"]
[Result "1-0"]
[WhiteElo "2271"]
[BlackElo "2090"]
[PlyCount "65"]
[EventDate "2005.11.??"]
[EventType "swiss"]
[EventRounds "13"]
[EventCountry "TUR"]
[Source "Reinhold Goldau"]
[SourceDate "2000.03.01"]

1. e4 c5 2. Nf3 d6 3. d4 cxd4 4. Nxd4 Nf6 5. Nc3 Nc6 6. Be2 e5 7. Nb3 Be7 8.
O-O O-O 9. Be3 a5 10. Nd2 d5 11. exd5 Nxd5 12. Nxd5 Qxd5 13. Bf3 Qd8 14. Nc4
Be6 15. Qe2 Nd4 16. Bxd4 Qxd4 17. Nxe5 Qxb2 18. Nd3 Qa3 19. Nf4 Bf6 20. Nxe6
Rae8 21. Qc4 Rxe6 22. Rab1 b6 23. Bd5 Rd6 24. Rfd1 Be7 25. Rd3 Qc5 26. Qxc5
bxc5 27. Rb7 c4 28. Rd1 Rxd5 29. Rxd5 Bb4 30. Rdd7 Re8 31. g4 Rf8 32. h4 h6 33.
h5 1-0

[Event "Jugend WM U20w"]
[Site "Istanbul"]
[Date "2005.11.13"]
[Round "5.21"]
[White "Raghavi, N."]
[Black "Bensdorp, Marlies"]
[Result "0-1"]
[WhiteElo "2104"]
[BlackElo "2199"]
[PlyCount "104"]
[EventDate "2005.11.??"]
[EventType "swiss"]
[EventRounds "13"]
[EventCountry "TUR"]
[Source "Reinhold Goldau"]
[SourceDate "2000.03.01"]

1. e4 e6 2. d3 d5 3. Nd2 Nf6 4. Ngf3 b6 5. c3 Be7 6. Qa4+ c6 7. e5 Nfd7 8. Qg4
O-O 9. d4 f5 10. Qg3 c5 11. Bd3 Ba6 12. Bxa6 Nxa6 13. O-O Nab8 14. Rd1 Nc6 15.
Nf1 Re8 16. Bh6 Bf8 17. Ne3 cxd4 18. cxd4 Rc8 19. Bf4 b5 20. Qh3 Be7 21. Qh5 g6
22. Qh6 Bf8 23. Qh3 Nb6 24. g4 Qd7 25. Kh1 Nc4 26. gxf5 exf5 27. Nxc4 bxc4 28.
a3 Nd8 29. Bd2 Rb8 30. Bc3 Ne6 31. Nh4 Rb3 32. Rg1 Bg7 33. Rad1 Qd8 34. Ng2 Ng5
35. Qe3 Bh6 36. Qe2 Ne4 37. Be1 Qb8 38. Rb1 c3 39. Ne3 Bxe3 40. fxe3 Rxb2 41.
Rxb2 cxb2 42. Bb4 a5 43. Qxb2 axb4 44. axb4 Qb5 45. Rc1 Qd3 46. Qa2 Nc3 47. Qc2
Qxc2 48. Rxc2 Nd1 49. b5 Rb8 50. e6 Kf8 51. Rc5 Nxe3 52. Kg1 Ke7 0-1

[Event "Jugend WM U20w"]
[Site "Istanbul"]
[Date "2005.11.13"]
[Round "5.22"]
[White "Gregorova, Zuzana"]
[Black "Ursic, Simona"]
[Result "0-1"]
[WhiteElo "2183"]
[BlackElo "2040"]
[PlyCount "100"]
[EventDate "2005.11.??"]
[EventType "swiss"]
[EventRounds "13"]
[EventCountry "TUR"]
[Source "Reinhold Goldau"]
[SourceDate "2000.03.01"]

1. Nf3 Nf6 2. g3 d5 3. Bg2 c6 4. d3 Bf5 5. Nh4 Bg4 6. c3 e6 7. Qc2 Be7 8. O-O
O-O 9. e4 Re8 10. Nf3 c5 11. Nbd2 Nc6 12. Re1 Rc8 13. Nf1 Bh5 14. Bf4 h6 15. h3
Bg6 16. e5 Nd7 17. Qe2 b5 18. N3d2 Qb6 19. h4 b4 20. h5 Bh7 21. Qg4 Bf5 22. Qe2
Qa6 23. Ne3 Bxd3 24. Qd1 d4 25. cxd4 Nxd4 26. Ne4 Red8 27. Qg4 Kh8 28. a3 b3
29. Nc3 Nb6 30. Rad1 Nc2 31. Nxc2 Bxc2 32. Rxd8+ Rxd8 33. Qf3 Na4 34. Nxa4 Qxa4
35. Qb7 Qd7 36. Qa6 Bd3 37. Qa5 a6 38. Be3 Qb5 39. Qc7 Qd7 40. Qb6 c4 41. Bc6
Qc8 42. Bb7 Qb8 43. Bxa6 Qxe5 44. Qb7 Qf6 45. Rc1 Bxa3 46. bxa3 b2 47. Rd1 Be4
48. Rxd8+ Qxd8 49. Qxe4 Qd1+ 50. Kh2 b1=Q 0-1

[Event "Jugend WM U20w"]
[Site "Istanbul"]
[Date "2005.11.13"]
[Round "5.23"]
[White "Xu, Ruoyin"]
[Black "Muhren, Bianca"]
[Result "0-1"]
[WhiteElo "2079"]
[BlackElo "2260"]
[PlyCount "130"]
[EventDate "2005.11.??"]
[EventType "swiss"]
[EventRounds "13"]
[EventCountry "TUR"]
[Source "Reinhold Goldau"]
[SourceDate "2000.03.01"]

1. d4 Nf6 2. c4 c5 3. d5 e6 4. Nc3 exd5 5. cxd5 d6 6. e4 g6 7. f4 Bg7 8. Bb5+
Nfd7 9. Be2 a6 10. a4 O-O 11. Nf3 Re8 12. O-O Nf8 13. Kh1 Bg4 14. f5 Bxf3 15.
Rxf3 Nbd7 16. fxg6 hxg6 17. Rh3 Ne5 18. Bf4 Bf6 19. Qd2 Nh7 20. Rf1 Bg5 21. Rg3
Bh4 22. Rh3 Bg5 23. Qe3 Bxf4 24. Rxf4 Qe7 25. Rfh4 Ng5 26. Rg3 f6 27. Rf4 Kg7
28. h4 Rh8 29. Kg1 Ngf7 30. h5 g5 31. Rf1 Rab8 32. Qf2 Nh6 33. Nd1 b5 34. axb5
axb5 35. Ne3 b4 36. Nf5+ Nxf5 37. Qxf5 Ra8 38. Rh3 Rh6 39. Rd1 Qd7 40. Qf1 Qa7
41. Kh1 Qa2 42. Rb1 Ra7 43. g4 Rc7 44. Qc1 Ra7 45. Rg3 Ra8 46. Kh2 Rhh8 47. Qf1
Qa4 48. Bd1 Qd7 49. Be2 Qe7 50. Qf5 Qd7 51. Qf1 Ng6 52. Kg1 Nf4 53. Bb5 Qe7 54.
Qf3 Qe5 55. Re1 Qxb2 56. Rd1 Ra3 57. Qf2 Nh3+ 58. Rxh3 Qxf2+ 59. Kxf2 Rxh3 60.
Ra1 Ra3 61. Rb1 Rha8 62. Bc4 Rc3 63. Be2 Ra2 64. Kf1 Rh3 65. Kg2 Re3 0-1

[Event "Jugend WM U20w"]
[Site "Istanbul"]
[Date "2005.11.13"]
[Round "5.24"]
[White "Alimova, Maral"]
[Black "Raeva, Elitsa"]
[Result "1/2-1/2"]
[WhiteElo "2053"]
[BlackElo "2213"]
[PlyCount "129"]
[EventDate "2005.11.??"]
[EventType "swiss"]
[EventRounds "13"]
[EventCountry "TUR"]
[Source "Reinhold Goldau"]
[SourceDate "2000.03.01"]

1. d4 d5 2. e3 Nf6 3. Nf3 Bg4 4. c4 e6 5. Qb3 Qc8 6. Ne5 Bf5 7. Nc3 c6 8. h3
Nbd7 9. g4 Bg6 10. cxd5 exd5 11. Nxg6 hxg6 12. Bg2 Be7 13. Bd2 Rb8 14. e4 dxe4
15. Bf4 Ra8 16. Nxe4 O-O 17. O-O Nxe4 18. Bxe4 Nf6 19. Bg2 Qd7 20. Rad1 Nd5 21.
Bg3 Rad8 22. Rfe1 Kh7 23. Bxd5 cxd5 24. f4 Bf6 25. g5 Be7 26. Kg2 Rc8 27. Re5
Rfd8 28. Rde1 Bf8 29. R1e2 Rc4 30. Qd3 Kg8 31. b3 Rc1 32. f5 gxf5 33. Rxf5 g6
34. Rfe5 Rdc8 35. Qf3 R1c2 36. R5e3 Ba3 37. Be5 f5 38. gxf6 Kf7 39. Rxc2 Rxc2+
40. Re2 Rxe2+ 41. Qxe2 Qf5 42. Qf3 Qg5+ 43. Kf2 Qd2+ 44. Kg3 Qg5+ 45. Qg4 Bc1
46. h4 Qxg4+ 47. Kxg4 b5 48. a4 a6 49. Kf3 Bd2 50. Ke2 Bb4 51. Kf3 Bd2 52. Kg4
Be3 53. h5 gxh5+ 54. Kxh5 bxa4 55. bxa4 Bd2 56. Kg4 Kg6 57. Bf4 Bc3 58. Be5 Bd2
59. f7 Kxf7 60. Kf5 Bc3 61. Bh8 Kg8 62. Bf6 Kf7 63. Ke5 Bxd4+ 64. Kxd4 Kxf6 65.
Kxd5 1/2-1/2

[Event "Jugend WM U20w"]
[Site "Istanbul"]
[Date "2005.11.13"]
[Round "5.25"]
[White "Bashkite, Viktoria"]
[Black "Dudas, Eszter"]
[Result "1-0"]
[WhiteElo "2173"]
[BlackElo "2010"]
[PlyCount "127"]
[EventDate "2005.11.??"]
[EventType "swiss"]
[EventRounds "13"]
[EventCountry "TUR"]
[Source "Reinhold Goldau"]
[SourceDate "2000.03.01"]

1. c4 e6 2. g3 d5 3. Bg2 Nf6 4. Nf3 Nbd7 5. O-O Bd6 6. d3 O-O 7. Qc2 c5 8. e4
d4 9. Nh4 e5 10. Nf5 Nb8 11. Nd2 Nc6 12. a3 Rb8 13. h3 g6 14. Nxd6 Qxd6 15. Nf3
Be6 16. Bh6 Rfc8 17. Ng5 Nh5 18. Nxe6 Qxe6 19. Kh2 b5 20. b3 Ng7 21. f4 a5 22.
Qd2 bxc4 23. bxc4 Rb3 24. f5 Qd7 25. Bxg7 Kxg7 26. f6+ Kh8 27. h4 Rg8 28. Ra2
Qb7 29. Bh3 Qb6 30. Bd7 Qc7 31. Bg4 Nd8 32. Bd1 Rb7 33. Rb2 Rxb2 34. Qxb2 h6
35. Ba4 Ne6 36. Rb1 Rc8 37. Qb7 Qxb7 38. Rxb7 Rc7 39. Rb8+ Kh7 40. Ra8 Rb7 41.
Bb5 h5 42. Rxa5 g5 43. hxg5 Kg6 44. Ra8 Kxg5 45. a4 Kxf6 46. a5 Nc7 47. Rc8
Nxb5 48. a6 Nd6 49. axb7 Nxb7 50. Rc7 Nd6 51. Rxc5 Nb7 52. Rb5 Nd6 53. Rb6 Ke7
54. Kh3 f5 55. exf5 e4 56. dxe4 d3 57. c5 Nc4 58. Rb7+ Ke8 59. c6 Ne5 60. Rb8+
Ke7 61. c7 d2 62. c8=Q d1=Q 63. Qf8+ Kd7 64. Rd8+ 1-0

[Event "Jugend WM U20w"]
[Site "Istanbul"]
[Date "2005.11.13"]
[Round "5.28"]
[White "Almer, Julia"]
[Black "Ortiz, Nadya Karolina"]
[Result "0-1"]
[WhiteElo "1943"]
[BlackElo "2218"]
[PlyCount "70"]
[EventDate "2005.11.??"]
[EventType "swiss"]
[EventRounds "13"]
[EventCountry "TUR"]
[Source "Reinhold Goldau"]
[SourceDate "2000.03.01"]

1. e4 c5 2. Nf3 e6 3. d4 cxd4 4. Nxd4 a6 5. c4 Nf6 6. Nc3 Bb4 7. Bd3 Nc6 8.
Nde2 Qc7 9. a3 Bd6 10. h3 Nh5 11. O-O Nf4 12. Nxf4 Bxf4 13. Re1 O-O 14. Qg4
Bxc1 15. Raxc1 Ne5 16. Qg3 d6 17. Ne2 Bd7 18. Kh1 Bc6 19. b4 Qe7 20. Nd4 Qf6
21. Nxc6 Nxc6 22. f4 e5 23. Rf1 Qe7 24. c5 Rad8 25. fxe5 Nxe5 26. Bb1 Kh8 27.
cxd6 Rxd6 28. Rc5 f6 29. Rfc1 Rfd8 30. Kh2 Nc6 31. Qh4 g6 32. Re1 Ne5 33. Rec1
Rd2 34. Qf4 Qd6 35. Rc7 Ng4+ 0-1

[Event "Jugend WM U20w"]
[Site "Istanbul"]
[Date "2005.11.13"]
[Round "5.29"]
[White "Chaumont, Adeline"]
[Black "Frank Nielsen, Marie"]
[Result "0-1"]
[WhiteElo "2035"]
[BlackElo "1919"]
[PlyCount "86"]
[EventDate "2005.11.??"]
[EventType "swiss"]
[EventRounds "13"]
[EventCountry "TUR"]
[Source "Reinhold Goldau"]
[SourceDate "2000.03.01"]

1. d4 d5 2. c4 e6 3. Nf3 Nf6 4. e3 Be7 5. Nbd2 O-O 6. Bd3 a6 7. O-O dxc4 8.
Nxc4 b5 9. Nce5 c5 10. dxc5 Bxc5 11. Qc2 Qb6 12. Ng5 g6 13. a3 Ra7 14. b4 Bd6
15. Bb2 Rc7 16. Qe2 Nbd7 17. Nxd7 Nxd7 18. Bd4 Qb8 19. Nf3 e5 20. Bb2 Re8 21.
Ng5 Be7 22. Nf3 Bf6 23. e4 Nb6 24. Nd2 Bg7 25. Rac1 Rd7 26. Nb3 Na4 27. Ba1
Red8 28. Rfd1 h5 29. Nc5 Nxc5 30. Rxc5 Bb7 31. f3 Qa7 32. Kh1 f6 33. Qc2 Kh7
34. Bb2 Qb6 35. Bc1 Bf8 36. Rc3 a5 37. bxa5 Qxa5 38. Qb3 b4 39. axb4 Bxb4 40.
Rc4 Ba6 41. Rxb4 Kg7 42. Bc2 Rxd1+ 43. Bxd1 Qxb4 0-1

[Event "Jugend WM U20w"]
[Site "Istanbul"]
[Date "2005.11.13"]
[Round "5.30"]
[White "Tilenbaeva, Janyl"]
[Black "Reppen, Ellisiv"]
[Result "1-0"]
[WhiteElo "2019"]
[BlackElo "1850"]
[PlyCount "81"]
[EventDate "2005.11.??"]
[EventType "swiss"]
[EventRounds "13"]
[EventCountry "TUR"]
[Source "Reinhold Goldau"]
[SourceDate "2000.03.01"]

1. e4 d5 2. exd5 Qxd5 3. Nc3 Qa5 4. d4 Nf6 5. Bc4 c6 6. Nf3 Bf5 7. Bd2 Qc7 8.
Bb3 e6 9. Qe2 Be7 10. O-O-O Nbd7 11. Ne5 Nxe5 12. dxe5 Nd7 13. g4 Bg6 14. f4
O-O-O 15. Rhf1 h5 16. f5 exf5 17. gxf5 Bh7 18. Bf4 Nc5 19. f6 Nxb3+ 20. axb3
gxf6 21. exf6 Bd6 22. Rxd6 Rxd6 23. Bxd6 Qxd6 24. Qxh5 Qe6 25. Qc5 b6 26. Qf2
Bg6 27. h4 Qg4 28. Rh1 Rh5 29. Qe3 Rxh4 30. Qe8+ Kb7 31. Qe7+ Ka6 32. Qa3+ Kb7
33. Re1 Qg5+ 34. Kb1 Qa5 35. Qf8 Qf5 36. Re7+ Ka6 37. Qa8 Qf1+ 38. Ka2 Ka5 39.
Rxa7+ Kb4 40. Ra4+ Kc5 41. Qf8# 1-0

[Event "Jugend WM U20w"]
[Site "Istanbul"]
[Date "2005.11.13"]
[Round "5.33"]
[White "Levacic, Melissa"]
[Black "Gilbert, Jessie"]
[Result "0-1"]
[WhiteElo "1993"]
[BlackElo "2148"]
[PlyCount "40"]
[EventDate "2005.11.??"]
[EventType "swiss"]
[EventRounds "13"]
[EventCountry "TUR"]
[Source "Reinhold Goldau"]
[SourceDate "2000.03.01"]

1. e4 c6 2. d4 d5 3. e5 c5 4. c4 cxd4 5. Nf3 Nc6 6. Nxd4 Nxe5 7. cxd5 Qxd5 8.
Nc3 Qd8 9. Ncb5 e6 10. Qa4 Bd7 11. Bf4 a6 12. Bxe5 axb5 13. Qb3 Qa5+ 14. Kd1 b4
15. Qe3 Ne7 16. Nb3 Ba4 17. Ke1 Bxb3 18. Qxb3 Qxe5+ 19. Be2 Nc6 20. Kf1 Qxe2+
0-1

[Event "Jugend WM U20w"]
[Site "Istanbul"]
[Date "2005.11.14"]
[Round "6.1"]
[White "Paehtz, Elisabeth"]
[Black "Gu, Xiaobing"]
[Result "1/2-1/2"]
[WhiteElo "2408"]
[BlackElo "2330"]
[PlyCount "64"]
[EventDate "2005.11.??"]
[EventType "swiss"]
[EventRounds "13"]
[EventCountry "TUR"]
[Source "Reinhold Goldau"]
[SourceDate "2000.03.01"]

1. e4 c5 2. Nf3 d6 3. d4 Nf6 4. Nc3 cxd4 5. Nxd4 a6 6. Bc4 e6 7. Bb3 Nbd7 8.
Bg5 Qa5 9. Qd2 Be7 10. O-O h6 11. Bf4 Nc5 12. Nde2 Qc7 13. f3 O-O 14. Kh1 Rd8
15. Bg3 b5 16. Nf4 Bb7 17. Nd3 Nxb3 18. axb3 Nh5 19. Bf2 Bf6 20. Be1 d5 21.
exd5 Bxd5 22. Nxd5 Rxd5 23. g4 Bg5 24. Qc3 Qxc3 25. Bxc3 Nf6 26. Nb4 Rd6 27.
Be5 Rd2 28. Bc3 Re2 29. Rae1 Rxe1 30. Rxe1 a5 31. Ra1 Be3 32. Nc6 a4 1/2-1/2

[Event "Jugend WM U20w"]
[Site "Istanbul"]
[Date "2005.11.14"]
[Round "6.2"]
[White "Tania, Sachdev"]
[Black "Kadziolka, Beata"]
[Result "0-1"]
[WhiteElo "2379"]
[BlackElo "2352"]
[PlyCount "70"]
[EventDate "2005.11.??"]
[EventType "swiss"]
[EventRounds "13"]
[EventCountry "TUR"]
[Source "Reinhold Goldau"]
[SourceDate "2000.03.01"]

1. d4 f5 2. g3 Nf6 3. Bg2 g6 4. Nf3 Bg7 5. O-O O-O 6. c4 d6 7. Nc3 Nc6 8. d5
Na5 9. Qa4 c5 10. dxc6 Nxc6 11. Rd1 Kh8 12. c5 d5 13. Bf4 Be6 14. Rac1 Bg8 15.
b4 a6 16. Ne5 Qc8 17. Nxc6 Qxc6 18. Be5 Ne4 19. Bxg7+ Kxg7 20. Qc2 e5 21. a4
Rad8 22. e3 Nxc3 23. Qxc3 Qf6 24. b5 axb5 25. axb5 e4 26. c6 bxc6 27. bxc6 Rc8
28. Qb4 Rf7 29. Rxd5 Rxc6 30. Rcd1 Rfc7 31. Rd7+ Rxd7 32. Rxd7+ Kh6 33. Qb8
Rc1+ 34. Bf1 Bc4 35. Qf4+ g5 0-1

[Event "Jugend WM U20w"]
[Site "Istanbul"]
[Date "2005.11.14"]
[Round "6.3"]
[White "Harika, Dronavalli"]
[Black "Mamedjarova, Turkan"]
[Result "0-1"]
[WhiteElo "2392"]
[BlackElo "2223"]
[PlyCount "148"]
[EventDate "2005.11.??"]
[EventType "swiss"]
[EventRounds "13"]
[EventCountry "TUR"]
[Source "Reinhold Goldau"]
[SourceDate "2000.03.01"]

1. Nf3 d5 2. d4 Nf6 3. c4 e6 4. Qc2 Be7 5. Bg5 c6 6. e3 Nbd7 7. Nc3 O-O 8. Rd1
Re8 9. a3 a5 10. h3 Nf8 11. Bd3 dxc4 12. Bxc4 Nd5 13. Bxe7 Qxe7 14. O-O Nxc3
15. Qxc3 Ng6 16. Bd3 Nh4 17. Nxh4 Qxh4 18. Rd2 Rd8 19. f4 Qe7 20. Be4 Qd6 21.
Rc2 Bd7 22. Rfc1 Be8 23. Qd3 f5 24. Bf3 h6 25. g4 Bg6 26. Rg2 Kh7 27. Qe2 fxg4
28. Bxg4 Be4 29. Bf3 Qd5 30. Bxe4+ Qxe4 31. Kh2 Rxd4 32. Rc5 Rd5 33. Rc4 Qd3
34. Qg4 Rg8 35. Rc3 Qe4 36. Qe2 e5 37. Rc4 Qd3 38. Qxd3+ Rxd3 39. fxe5 Rxe3 40.
Rc5 Re8 41. Rxa5 R8xe5 42. Rxe5 Rxe5 43. Rd2 Re3 44. Kg2 Kg6 45. Rf2 Rb3 46.
Kh2 Kh5 47. Rg2 g6 48. Re2 Kh4 49. Re4+ Kg5 50. Re2 Kf4 51. Kg2 g5 52. Kh2 Kf3
53. Rg2 Re3 54. Rg3+ Ke4 55. Rg4+ Kd5 56. Rb4 b5 57. Kg2 Kc5 58. h4 Kb6 59.
hxg5 hxg5 60. Kf2 Rh3 61. Kg2 Rd3 62. Kf1 Rd2 63. Ke1 Rg2 64. a4 Ka5 65. Re4
bxa4 66. Re5+ Kb4 67. Kd1 g4 68. Kc1 g3 69. Kb1 Rf2 70. Rg5 g2 71. Rg4+ Kb5 72.
Ka2 c5 73. Rg8 Kc4 74. Rg3 Kb4 0-1

[Event "Jugend WM U20w"]
[Site "Istanbul"]
[Date "2005.11.14"]
[Round "6.4"]
[White "Motoc, Alina"]
[Black "Dzagnidze, Nana"]
[Result "0-1"]
[WhiteElo "2313"]
[BlackElo "2443"]
[PlyCount "54"]
[EventDate "2005.11.??"]
[EventType "swiss"]
[EventRounds "13"]
[EventCountry "TUR"]
[Source "Reinhold Goldau"]
[SourceDate "2000.03.01"]

1. d4 Nf6 2. c4 e6 3. Nc3 Bb4 4. e3 c5 5. Nge2 cxd4 6. exd4 d5 7. a3 Be7 8. Nf4
Nc6 9. cxd5 Nxd5 10. Ncxd5 exd5 11. g3 g5 12. Nh5 Qb6 13. Be3 Qxb2 14. Be2 Bh3
15. f4 h6 16. Rb1 Qxa3 17. Kf2 O-O-O 18. Qc2 Qd6 19. f5 Kb8 20. g4 Rhe8 21. Qb3
Rd7 22. Ng7 Rc8 23. Nh5 Bf6 24. Qa4 Re7 25. Qa6 Ka8 26. Qb5 Bxd4 27. Bxd4 Nxd4
0-1

[Event "Jugend WM U20w"]
[Site "Istanbul"]
[Date "2005.11.14"]
[Round "6.6"]
[White "Andriasian, Siranush"]
[Black "Pogonina, Natalija"]
[Result "0-1"]
[WhiteElo "2263"]
[BlackElo "2401"]
[PlyCount "112"]
[EventDate "2005.11.??"]
[EventType "swiss"]
[EventRounds "13"]
[EventCountry "TUR"]
[Source "Reinhold Goldau"]
[SourceDate "2000.03.01"]

1. e4 c5 2. Nf3 d6 3. d4 cxd4 4. Nxd4 Nf6 5. Nc3 g6 6. Be3 Bg7 7. f3 O-O 8. Qd2
Nc6 9. O-O-O d5 10. exd5 Nxd5 11. Nxc6 bxc6 12. Bd4 Bxd4 13. Qxd4 Qc7 14. Ne4
Rb8 15. h4 Bf5 16. h5 Qf4+ 17. Qd2 Rfd8 18. Qxf4 Nxf4 19. Rxd8+ Rxd8 20. hxg6
hxg6 21. Nc5 Rd5 22. Nb3 Re5 23. Kd2 Bd7 24. Nc1 Rd5+ 25. Nd3 Bf5 26. g4 Bxd3
27. Bxd3 c5 28. Kc3 Re5 29. Kc4 e6 30. Be4 f5 31. gxf5 exf5 32. Bc6 Re2 33. Rc1
Ne6 34. a4 Kg7 35. a5 Kf6 36. Kb5 Re5 37. Ka6 Nd4 38. Bd7 c4 39. f4 Rd5 40. Be8
Ne6 41. Re1 Nxf4 42. b4 cxb3 43. cxb3 Nd3 44. Rg1 g5 45. Kxa7 Rxa5+ 46. Kb6 Re5
47. Bb5 Nb4 48. Rd1 Nd5+ 49. Kc6 Nc3 50. Rd6+ Re6 51. Bc4 Rxd6+ 52. Kxd6 g4 53.
Kc5 Ke5 54. Ba6 f4 55. Kc4 g3 56. Bb7 Ne4 0-1

[Event "Jugend WM U20w"]
[Site "Istanbul"]
[Date "2005.11.14"]
[Round "6.7"]
[White "Vasilevich, Irina"]
[Black "Khotenashvili, Bela"]
[Result "1/2-1/2"]
[WhiteElo "2389"]
[BlackElo "2288"]
[PlyCount "85"]
[EventDate "2005.11.??"]
[EventType "swiss"]
[EventRounds "13"]
[EventCountry "TUR"]
[Source "Reinhold Goldau"]
[SourceDate "2000.03.01"]

1. c4 Nf6 2. Nc3 e5 3. g3 Nc6 4. Bg2 g6 5. e3 Bg7 6. Nge2 d6 7. d3 Be6 8. Nd5
Qd7 9. Rb1 O-O 10. b4 Nd8 11. Nxf6+ Bxf6 12. Nc3 Bg7 13. b5 Bh3 14. O-O Bxg2
15. Kxg2 Ne6 16. e4 f5 17. f3 f4 18. g4 h5 19. h3 Kf7 20. Ba3 Rh8 21. Rh1 b6
22. Bb2 a6 23. a4 axb5 24. axb5 Nd4 25. Ra1 Rxa1 26. Bxa1 Ra8 27. Bb2 Qd8 28.
Qd2 Ra5 29. Qf2 Bf6 30. Ra1 Rxa1 31. Bxa1 Qa8 32. Bb2 hxg4 33. hxg4 Qh8 34. Nd5
Bh4 35. Qg1 Ne6 36. Qh1 g5 37. Bc3 Qa8 38. Qa1 Qh8 39. Qh1 Qa8 40. Qa1 Qh8 41.
Qh1 Qa8 42. Qa1 Qh8 43. Qh1 1/2-1/2

[Event "Jugend WM U20w"]
[Site "Istanbul"]
[Date "2005.11.14"]
[Round "6.8"]
[White "Aketaeva, Dana"]
[Black "Melia, Salome"]
[Result "1-0"]
[WhiteElo "2256"]
[BlackElo "2318"]
[PlyCount "64"]
[EventDate "2005.11.??"]
[EventType "swiss"]
[EventRounds "13"]
[EventCountry "TUR"]
[Source "Reinhold Goldau"]
[SourceDate "2000.03.01"]

1. e4 c6 2. d4 d5 3. Nd2 dxe4 4. Nxe4 Bf5 5. Ng3 Bg6 6. h4 h6 7. Nf3 Nd7 8. h5
Bh7 9. Bd3 Bxd3 10. Qxd3 e6 11. Bf4 Ngf6 12. O-O-O Be7 13. Ne4 O-O 14. Kb1 Qa5
15. Ne5 Nxe5 16. dxe5 Nxe4 17. Qxe4 Rfd8 18. g4 Rxd1+ 19. Rxd1 Rd8 20. Rxd8+
Qxd8 21. Qd3 Qb6 22. Be3 Qa5 23. f4 Qe1+ 24. Bc1 Qg1 25. Qd7 Bc5 26. g5 Qg4 27.
Qxb7 Qxh5 28. Qxc6 Bb6 29. f5 exf5 30. Qe8+ Kh7 31. e6 hxg5 32. exf7 Bc5 1-0

[Event "Jugend WM U20w"]
[Site "Istanbul"]
[Date "2005.11.14"]
[Round "6.9"]
[White "Nebolsina, Vera"]
[Black "Mongontuul, Bathuyag"]
[Result "1/2-1/2"]
[WhiteElo "2278"]
[BlackElo "2408"]
[PlyCount "108"]
[EventDate "2005.11.??"]
[EventType "swiss"]
[EventRounds "13"]
[EventCountry "TUR"]
[Source "Reinhold Goldau"]
[SourceDate "2000.03.01"]

1. e4 c5 2. Nf3 e6 3. c3 Nf6 4. e5 Nd5 5. d4 cxd4 6. cxd4 Nc6 7. Bc4 Nb6 8. Bd3
d6 9. O-O Be7 10. Nc3 dxe5 11. dxe5 Nd5 12. Qe2 Nxc3 13. bxc3 b6 14. Nd4 Bb7
15. Rd1 Nxd4 16. Bb5+ Bc6 17. Bxc6+ Nxc6 18. Rxd8+ Rxd8 19. Bf4 O-O 20. h4 Rd5
21. h5 h6 22. Re1 Bg5 23. Qc4 Bxf4 24. Qxf4 Rc5 25. Re3 Ne7 26. c4 Rfc8 27. Re4
a6 28. Qd2 Nc6 29. Qd6 Na5 30. Qxb6 Nxc4 31. Qxa6 R8c6 32. Qa4 Rc8 33. Qd7 Nb6
34. Qe7 Nd5 35. Qh4 Nc3 36. Re3 Nxa2 37. Qg4 Rc3 38. Rxc3 Nxc3 39. g3 Nd5 40.
Qd4 Rc7 41. Qa4 Rc8 42. Qd7 Rc7 43. Qe8+ Kh7 44. Kf1 Nb4 45. Ke2 Rc2+ 46. Ke3
Nd5+ 47. Kf3 Rc7 48. Ke4 Rc4+ 49. Kd3 Rc3+ 50. Kd4 Rf3 51. Qb8 Rxf2 52. Qb1+
Kg8 53. Qb8+ Kh7 54. Qb1+ Kg8 1/2-1/2

[Event "Jugend WM U20w"]
[Site "Istanbul"]
[Date "2005.11.14"]
[Round "6.10"]
[White "Szczepkowska, Karina"]
[Black "Zawadzka, Jolanta"]
[Result "1/2-1/2"]
[WhiteElo "2278"]
[BlackElo "2381"]
[PlyCount "76"]
[EventDate "2005.11.??"]
[EventType "swiss"]
[EventRounds "13"]
[EventCountry "TUR"]
[Source "Reinhold Goldau"]
[SourceDate "2000.03.01"]

1. e4 c5 2. d3 Nc6 3. g3 g6 4. Bg2 Bg7 5. f4 d6 6. Nf3 e6 7. O-O Nge7 8. c3 O-O
9. Be3 b6 10. Bf2 Qd7 11. Re1 Bb7 12. d4 Rad8 13. Qd2 h6 14. Na3 cxd4 15. cxd4
f5 16. d5 exd5 17. exd5 Nb8 18. Nh4 Bf6 19. Rxe7 Bxe7 20. Nxg6 Rf6 21. Nxe7+
Qxe7 22. Re1 Qf7 23. Nb5 Nd7 24. b4 a5 25. a3 axb4 26. axb4 Kh7 27. Bf3 Re8 28.
Re6 Bxd5 29. Rxf6 Nxf6 30. Nxd6 Qg6 31. Nxe8 Bxf3 32. Nxf6+ Qxf6 33. Qd7+ Kg6
34. Qa7 b5 35. h3 Qc6 36. Qd4 Bh1 37. Qb6 Qxb6 38. Bxb6 Be4 1/2-1/2

[Event "Jugend WM U20w"]
[Site "Istanbul"]
[Date "2005.11.14"]
[Round "6.11"]
[White "Pourkashiyan, Atousa"]
[Black "Guseva, Marina"]
[Result "1/2-1/2"]
[WhiteElo "2271"]
[BlackElo "2363"]
[PlyCount "194"]
[EventDate "2005.11.??"]
[EventType "swiss"]
[EventRounds "13"]
[EventCountry "TUR"]
[Source "Reinhold Goldau"]
[SourceDate "2000.03.01"]

1. e4 e5 2. Nf3 Nc6 3. Bc4 Bc5 4. c3 Nf6 5. d3 d6 6. Bb3 O-O 7. Nbd2 Kh8 8. O-O
h6 9. h3 a6 10. Re1 Ba7 11. Nf1 Na5 12. Bc2 c5 13. Ng3 Nc6 14. Nh4 Ne7 15. Qf3
Nfg8 16. Nh5 Kh7 17. g4 g6 18. Ng3 Nc6 19. Ng2 Be6 20. Kh2 Bb6 21. Qe2 d5 22.
f4 exf4 23. Bxf4 d4 24. Rf1 g5 25. Bd2 Bc7 26. Ne1 Nge7 27. Qf2 Ng6 28. Kg1 Nf4
29. Bxf4 Bxf4 30. Ng2 Be5 31. c4 b5 32. b3 Rb8 33. Rab1 Nb4 34. Nh5 f6 35. a3
Nxc2 36. Qxc2 Qd6 37. Ne1 Bf7 38. Nf3 Bxh5 39. gxh5 Bf4 40. Nh2 f5 41. exf5
Rxf5 42. Ng4 Re8 43. Rbe1 Qf8 44. Qg2 Be3+ 45. Nxe3 dxe3 46. Qc6 Rf4 47. Qxa6
bxc4 48. dxc4 Re7 49. Qd6 Kh8 50. a4 e2 51. Rxf4 gxf4 52. Kf2 f3 53. a5 Qg7 54.
Qd8+ Kh7 55. Qd3+ Kg8 56. Qg6 Rf7 57. a6 Kh8 58. Qxg7+ Kxg7 59. Rg1+ Kh7 60.
Ra1 Re7 61. a7 e1=Q+ 62. Rxe1 Rxa7 63. Kxf3 Rd7 64. Re5 Kg7 65. Ke4 Rb7 66.
Rxc5 Rxb3 67. Kf5 Rf3+ 68. Kg4 Rc3 69. Rc8 Rc1 70. c5 Kf6 71. c6 Rc4+ 72. Kf3
Ke7 73. Ke3 Kd6 74. Rh8 Kxc6 75. Rxh6+ Kd7 76. Rh8 Kc6 77. Rh6+ Kd7 78. Kf3 Ke7
79. Kg3 Rc3+ 80. Kg4 Rc4+ 81. Kf5 Rc5+ 82. Ke4 Kf7 83. Kf4 Rc4+ 84. Ke5 Rc5+
85. Kd4 Ra5 86. Rg6 Rxh5 87. Rg3 Rh7 88. Ke5 Rg7 89. Rb3 Kg6 90. Kf4 Kh5 91.
Rb6 Rf7+ 92. Kg3 Rg7+ 93. Kh2 Ra7 94. Rb3 Kh4 95. Rb4+ Kh5 96. Rb5+ Kh4 97.
Rb4+ Kh5 1/2-1/2